Central Library OPAC University of Rajshahi

Textbook of economic analysis / (Record no. 42701)

MARC details
000 -LEADER
fixed length control field 00678nam a2200241 a 4500
001 - CONTROL NUMBER
control field 42701
003 - CONTROL NUMBER IDENTIFIER
rucl marc code (Bd-RJUL)
005 - DATE AND TIME OF LATEST TRANSACTION
control field 20211209053558.0
008 - FIXED-LENGTH DATA ELEMENTS--GENERAL INFORMATION
fixed length control field 160615s1967 enka b 000 0 eng
035 ## - SYSTEM CONTROL NUMBER
System control number (Bd-RJUL) 42819
040 ## - CATALOGING SOURCE
Original cataloging agency DLC
Transcribing agency DLC
Modifying agency m.c
Language of cataloging eng
041 ## - LANGUAGE CODE
Language code of text/sound track or separate title eng
082 ## - DEWEY DECIMAL CLASSIFICATION NUMBER
Edition number 23
Author mark and year NET 1967
100 10 - MAIN ENTRY--PERSONAL NAME
Personal name Nevin, Edward.
9 (RLIN) 131255
245 10 - TITLE STATEMENT
Title Textbook of economic analysis /
Statement of responsibility, etc. Edward Nevin
250 ## - EDITION STATEMENT
Edition statement 3rd ed
260 ## - PUBLICATION, DISTRIBUTION, ETC. (IMPRINT)
Place of publication, distribution, etc. London :
Name of publisher, distributor, etc. Macmillan ;
Place of publication, distribution, etc. New York :
Name of publisher, distributor, etc. St. Martin's Press,
Date of publication, distribution, etc. 1967
300 ## - PHYSICAL DESCRIPTION
Pagination xvi, 488 p. :
Illustrations ill ;
Size 22 1/2 cm
504 ## - BIBLIOGRAPHY, ETC. NOTE
Bibliography, etc Includes bibliographies
650 #0 - SUBJECT ADDED ENTRY--TOPICAL TERM
Topical term or geographic name as entry element Economics
9 (RLIN) 131256
942 ## - ADDED ENTRY ELEMENTS (KOHA)
Source of classification or shelving scheme Dewey Decimal Classification
Koha item type Books
Holdings
Lost status Source of classification or shelving scheme Damaged status Not for loan Collection code Permanent Location Current Location Shelving location Date acquired Source of acquisition Total Checkouts Full call number Date last seen Copy number Koha item type
  Dewey Decimal Classification     Non-fiction Central Library, University of Rajshahi Central Library, University of Rajshahi   13/03/1973 British Council   330 NET 1967 15/06/2016 C-2 Books
  Dewey Decimal Classification     Non-fiction Central Library, University of Rajshahi Central Library, University of Rajshahi   13/03/1973 British Council   330 NET 1967 16/06/2016 C-3 Books